| 000 | 00367nam a2200133Ia 4500 | ||
|---|---|---|---|
| 008 | 220217s9999||||xx |||||||||||||| ||und|| | ||
| 020 | _a0-521-54085-2 | ||
| 082 | _a621.381 73 TAU | ||
| 100 | _aTaur, Yuan Ning, Tak, H | ||
| 245 | 0 | _aFundamentals modern VLSI devices | |
| 260 |
_aCambridge press _bUnited Kingdom _c1998 |
||
| 300 | _b395 | ||
| 650 | _aCIRCUITRY | ||
| 999 |
_c171825 _d171825 |
||